00661 2200241 4500001002100000005001500021035002000036007000300056008004100059020002200100082001100122084001700133100002900150245006000179250001000239300002800249650001800277264003800295336002100333337003000354338002300384990001200407INLIS00000000000045220250729102515 a0010-0725000024ta250729 0 ind  a978-623-357-116-6 a155.25 a155.25 ISM k0 aIsma'ul AhmadePengarang1 aKita Perlu Jeda Untuk Sembuh dari Luka /cIsma'ul Ahmad acet 1 av, 141 halaman ;c20 cm 4aMotivasi Diri aYogyakarta :bC-Klik Media,c2024 2rdacontentateks 2rdamediaatanpa perantara 2rdacarrieravolume a25.0381